|
|
|
|
| LEADER |
01019nam a22002531a 4500 |
| 001 |
c000359424 |
| 003 |
CARM |
| 005 |
00000000000000.0 |
| 008 |
851113s1962 nyu 00010 eng d |
| 019 |
1 |
|
|a 4131429
|z 42732876
|z 26689844
|5 LACONCORD2021
|
| 035 |
|
|
|a (OCoLC)477359
|5 LACONCORD2021
|
| 043 |
|
|
|a n-us-pa
|
| 100 |
1 |
|
|a Bronner, Edwin B.,
|d 1920-
|
| 245 |
1 |
0 |
|a William Penn's "holy experiment" :
|b the founding of Pennsylvania, 1681-1701 /
|c Edwin B. Bronner.
|
| 260 |
|
|
|a New York :
|b Temple University Publications,
|c 1962.
|
| 300 |
|
|
|a 306 p.
|
| 504 |
|
|
|a Includes bibliographical references.
|
| 600 |
1 |
0 |
|a Penn, William,
|d 1644-1718.
|
| 650 |
|
0 |
|a Society of Friends
|z Pennsylvania.
|
| 651 |
|
0 |
|a Pennsylvania
|x History
|y Colonial period, ca. 1600-1775.
|
| 852 |
8 |
|
|b CARM
|h A1:AM10G0
|i B09329
|p 0427581
|f BK
|
| 082 |
0 |
4 |
|a 974.802
|
| 999 |
f |
f |
|i cddb7498-8f1b-5f4e-a085-220e85113e16
|s 754a70f7-dd01-58c3-8d17-a6d8aa2365da
|
| 952 |
f |
f |
|p Can circulate
|a CAVAL
|b CAVAL
|c CAVAL
|d CARM 1 Store
|e B09329
|f A1:AM10G0
|h Other scheme
|i book
|m 0427581
|